Central Library OPAC University of Rajshahi

Middle Ages, 375-1492 / (Record no. 64648)

MARC details
000 -LEADER
fixed length control field 00703nam a2200253 a 4500
001 - CONTROL NUMBER
control field 64648
003 - CONTROL NUMBER IDENTIFIER
rucl marc code BD-RjUL
005 - DATE AND TIME OF LATEST TRANSACTION
control field 20211209081330.0
008 - FIXED-LENGTH DATA ELEMENTS--GENERAL INFORMATION
fixed length control field 170216s1968 nyuab b 000 0 eng d
035 ## - SYSTEM CONTROL NUMBER
System control number (BD-RjUL)64778
040 ## - CATALOGING SOURCE
Original cataloging agency DLC
Transcribing agency DLC
Modifying agency DLC
Language of cataloging eng
041 ## - LANGUAGE CODE
Language code of text/sound track or separate title eng
082 00 - DEWEY DECIMAL CLASSIFICATION NUMBER
Classification number 914.031
Author mark and year KIM 1968
100 1# - MAIN ENTRY--PERSONAL NAME
Personal name Kirchner, Walther.
9 (RLIN) 191681
245 10 - TITLE STATEMENT
Title Middle Ages, 375-1492 /
Statement of responsibility, etc. Walther Kirchner
260 ## - PUBLICATION, DISTRIBUTION, ETC. (IMPRINT)
Place of publication, distribution, etc. New York :
Name of publisher, distributor, etc. Barnes & Noble,
Date of publication, distribution, etc. 1968
300 ## - PHYSICAL DESCRIPTION
Pagination xiii, 338 p. :
Illustrations ill. ;
Size 21 cm.
350 ## - PRICE (NR) (BK AM CF MU VM SE) [OBSOLETE]
Price 1.95
-- (2.15 Can.)
490 0# - SERIES STATEMENT
Series statement College outline series, no. 31
504 ## - BIBLIOGRAPHY, ETC. NOTE
Bibliography, etc Includes bibliographies.
650 #0 - SUBJECT ADDED ENTRY--TOPICAL TERM
Topical term or geographic name as entry element Middle Ages.
9 (RLIN) 172073
942 ## - ADDED ENTRY ELEMENTS (KOHA)
Source of classification or shelving scheme Dewey Decimal Classification
Koha item type Books
Holdings
Lost status Source of classification or shelving scheme Damaged status Not for loan Collection code Permanent Location Current Location Shelving location Date acquired Source of acquisition Cost, normal purchase price Total Checkouts Full call number Date last seen Copy number Koha item type
  Dewey Decimal Classification   Not For Loan Non-fiction Central Library, University of Rajshahi Central Library, University of Rajshahi Reading Room 20/04/1974 Provisicial Library, Dhaka 17.55   914.031 KIM 1968 16/02/2017 C-1 Books